000
00282nam a22001337a 4500
008
170824b xxu||||| |||| 00| 0 eng d
020
_a
3540126570
041
_a
eng
080
_a
51
100
_a
38
101
_a
MAT
245
_a
GRAPHS AND GENES
_c
MIRKIN,B,G
942
_2
udc
_c
BK
999
_c
24962
_d
24962